000
00240nam a2200097Ia 4500
001
1208216
005
20250827022841.0
008
250824s9999 xx 000 0 und d
245
0
_a
TERSİNE DÜNYA
_c
ORHAN KEMAL
260
_b
EVEREST YAYINLARI
999
_c
1208216
_d
1208216